Предварительный отчет о работах Агрономического отряда в Якутском округе в 1926 г. (Запись № 5542099)

Подробности
000 -МАРКЕР
контрольное поле 01584nam0a22002891 4500
001 - ИДЕНТИФИКАТОР ЗАПИСИ
контрольное поле rc\2566006
005 - ИДЕНТИФИКАТОР ВЕРСИИ
контрольное поле 20250623110548.0
035 ## - ДРУГИЕ СИСТЕМНЫЕ НОМЕРА
Идентификатор записи (NLR Aleph) 006730825
100 ## - ДАННЫЕ ОБЩЕЙ ОБРАБОТКИ
Данные общей обработки 20110914d1927 |||y0rusy50 ca
101 0# - ЯЗЫК РЕСУРСА
Язык текста, звукозаписи и т.д. русский
102 ## - СТРАНА ПУБЛИКАЦИИ ИЛИ ПРОИЗВОДСТВА
Страна публикации Российская Федерация
105 ## - ПОЛЕ КОДИРОВАННЫХ ДАННЫХ: ТЕКСТОВЫЕ МАТЕРИАЛЫ, МОНОГРАФИЧЕСКИЕ
Кодированные данные о монографическом текстовом документе b z |||||
200 1# - ЗАГЛАВИЕ И СВЕДЕНИЯ ОБ ОТВЕТСТВЕННОСТИ
Основное заглавие Предварительный отчет о работах Агрономического отряда в Якутском округе в 1926 г.
Первые сведения об ответственности С. А. Никитин
Последующие сведения об ответственности Якутск. экспедиция Акад. наук СССР
210 ## - ПУБЛИКАЦИЯ, РАСПРОСТРАНЕНИЕ И ДР.
Место издания, распространения и т.д. Ленинград
Имя издателя, распространителя и т. д. изд-во Акад. наук СССР
Дата издания, распространения и т.д. 1927
Имя изготовителя тип. Сев.-Зап. промбюро ВСНХ
215 ## - ФИЗИЧЕСКАЯ ХАРАКТЕРИСТИКА
Специфическое обозначение материала и объем (195-217) с., [1] вклад. л. красочн. карт.
Размеры 23х15 см.
300 ## - ОБЩИЕ ПРИМЕЧАНИЯ
Текст примечания Отдельн. оттиск из сборника "Краткие отчеты о работах отрядов Якутской экспедиции Акад. наук 1925-1926 гг." Вып. 10. Матер. Комиссии по изучению Якутск. АССР
300 ## - ОБЩИЕ ПРИМЕЧАНИЯ
Текст примечания Без тит. листа. Описано по обложке
300 ## - ОБЩИЕ ПРИМЕЧАНИЯ
Текст примечания Перед загл. - С. А. Никитин
702 #1 - ИМЯ ЛИЦА - ВТОРИЧНАЯ ОТВЕТСТВЕННОСТЬ
Код отношения Прочие
Графика поля Кириллица
Материалы, к которым относится поле rus
Начальный элемент ввода Никитин
Часть имени, кроме начального элемента ввода С. А.
Дополнения к именам, кроме дат агроном
Расширение инициалов личного имени Сергей Александрович
Системный номер авторитетной/нормативной записи 240694
Идентификатор авторитетной/нормативной записи RU\NLR\AUTH\770240750
710 12 - НАИМЕНОВАНИЕ ОРГАНИЗАЦИИ - ПЕРВИЧНАЯ ОТВЕТСТВЕННОСТЬ
Начальный элемент ввода Якутская экспедиция (; 1925-;)
Структурное подразделение Агрономический отряд
801 #0 - ИСТОЧНИК ЗАПИСИ
Страна Российская Федерация
Организация NLR
Правила каталогизации psbo
801 #1 - ИСТОЧНИК ЗАПИСИ
Страна Российская Федерация
Организация ELAR
Источник данных rusmarc
852 ## - МЕСТОНАХОЖДЕНИЕ И ШИФР ХРАНЕНИЯ
Идентификатор организации NLR
Шифр хранения (Call Number) 59/1695
942 ## - ДОПОЛНИТЕЛЬНЫЕ ЭЛЕМЕНТЫ ЗАПИСИ (АБИС)
Тип экземпляра АБИС Книга
980 ## - КОЛЛЕКЦИЯ
Название коллекции Национальная библиография
Экземпляры
Тип экземпляра Дата поступления Библиотека постоянного хранения Библиотека текущего хранения Место хранения Шифр хранения Штрих-код Статус экземпляра
Книга 26.10.2013 РНБ (Садовая) РНБ (Садовая) Русский книжный фонд -Главное здание, Ленинский читальный зал 59/1695 6730825-10